| 000 | 00465 a2200169 4500 | ||
|---|---|---|---|
| 003 | Nust | ||
| 005 | 20170207153359.0 | ||
| 040 | _cNust | ||
| 082 | _a005.1 | ||
| 100 | _aKhalid , NC Faiza BESE-11 | ||
| 245 |
_aSoftware analysis and de-obfuscation engine S @ DE (Hard / Soft-copy) _cNC Faiza Khalid & NC Komal Babar BESE-11 |
||
| 260 |
_bMCS _cAugust 2009 |
||
| 300 | _a136 p | ||
| 538 | _aAlmirah No 71 Shelf No 6 | ||
| 650 | _aUG Projects | ||
| 651 | _aUG CS Projects | ||
| 942 | _cTHS | ||
| 999 |
_c184886 _d184886 |
||